Logo BPK

Biblioteka

Politechniki Koszalińskiej

Spatial Distribution of the Electron Density... / (Rekord nr 22356)

Szczegóły MARC
000 -ETYKIETA REKORDU
podpole kontrolne o stałej długości 00393nam a2200145 i 4500
001 - NUMER KONTROLNY REKORDU
pole kontrolne bg
040 ## - ŹRÓDŁO KATALOGOWANIA
Instytucja, która utworzyła rekord BPK
041 ## - KOD JĘZYKA
Kod języka tekstu pol
008 - POLE O STAŁEJ DŁUGOŚCI - DANE KONTROLNE
podpole kontrolne o stałej długości s pl f |000 0 pol
100 1# - NAZWA OSOBOWA
Nazwa osobowa WOLIŃSKA SZATKOWSKA, J.
245 #0 - TYTUŁ/ODPOWIEDZIALNOŚĆ
Tytuł Spatial Distribution of the Electron Density... /
Pozostałe elementy strefy tytułu i oznaczenia odpowiedzialności J. Wolińska-Szatkowska, Z. Zakrzewski.
260 ## - STREFA ADRESU WYDAWNICZEGO
Miejsce wydania Gdańsk,
Data publikacji, dystrybucji/powstania dokumentu 1983.
700 1# - HASŁO DODATKOWE - NAZWA OSOBOWA
Nazwa osobowa ZAKRZEWSKI, Z.
856 ## - LOKALIZACJA I DOSTĘP DO ELEKTRONICZNYCH DOKUMENTÓW ZDALNYCH
Link (URL) http://koha.tu.koszalin.pl/cgi-bin/koha/opac-detail.pl?biblionumber=22356
Tekst linku Katalog online BPK
942 ## - DODATKOWE ELEMENTY (KOHA)
Typ dokumentu Książka
Egzemplarze
Wycofany Status egzemplarza Uszkodzony Dostępność Lokalizacja stała Lokalizacja bieżąca Miejsce przechowywania Sygnatura Kod kreskowy Typ dokumentu
      Dostępny Biblioteka Politechniki Koszalińskiej Biblioteka Politechniki Koszalińskiej Wypożyczalnia BG 31394 01563283 Książka
© 2023 Biblioteka Politechniki Koszalińskiej :: KOHA